| 000 | 01312nam a2200325Ia 4500 | ||
|---|---|---|---|
| 001 | ebr10265902 | ||
| 003 | CaPaEBR | ||
| 006 | m u | ||
| 007 | cr cn||||||||| | ||
| 008 | 060126s2006 ilu sb 001 0 eng d | ||
| 010 | _z 2006002541 | ||
| 020 | _z0226993329 | ||
| 020 | _z9780226993331 | ||
| 040 |
_aCaPaEBR _cCaPaEBR |
||
| 035 | _a(OCoLC)646783186 | ||
| 050 | 1 | 4 |
_aJC251.S8 _bZ83 2006eb |
| 100 | 1 |
_aZuckert, Catherine H., _d1942- |
|
| 245 | 1 | 4 |
_aThe truth about Leo Strauss _h[electronic resource] : _bpolitical philosophy and American democracy / _cCatherine and Michael Zuckert. |
| 260 |
_aChicago : _bUniversity of Chicago Press, _c2006. |
||
| 300 | _ax, 306 p. | ||
| 504 | _aIncludes bibliographical references and index. | ||
| 533 |
_aElectronic reproduction. _bPalo Alto, Calif. : _cebrary, _d2009. _nAvailable via World Wide Web. _nAccess may be limited to ebrary affiliated libraries. |
||
| 600 | 1 | 0 | _aStrauss, Leo. |
| 650 | 0 |
_aPolitical science _zUnited States _xPhilosophy. |
|
| 650 | 0 |
_aPolitical science _zUnited States _xHistory. |
|
| 655 | 7 |
_aElectronic books. _2local |
|
| 700 | 1 |
_aZuckert, Michael P., _d1942- |
|
| 710 | 2 | _aebrary, Inc. | |
| 856 | 4 | 0 |
_uhttp://site.ebrary.com/lib/rucke/Doc?id=10265902 _zAn electronic book accessible through the World Wide Web; click to view |
| 999 |
_c10479 _d10479 |
||